000 00508nam a2200181 a 4500
001 1769854927991
003 YourLibrary
005 20260131162126.0
008 260131s2007##################000#0#eng##
020 _a9780073287010
082 0 4 _a332
_bBRE
100 1 _aBrealey, Richard,
_eauthor.
245 1 0 _aStudy Guide to accompany Principles of Corp. Finance :
260 _bMcGraw-Hill/Irwin,
_c2007.
650 0 _aBusiness & Economics.
942 _cENGLISH
040 _aYourLibrary
_beng
_cYourLibrary
999 _c609603
_d609603